[Event "RUS-chT Rapid Men 2018"]
[Site "Sochi"]
[Date "2018.10.09"]
[Round "7"]
[White "Shkurkin, Andrey"]
[Black "Tatarintsev, Egor"]
[Result "1-0"]
[WhiteElo "2201"]
[BlackElo "2086"]
[Annotator "NA"]
[PlyCount "83"]
[EventDate "2018.10.05"]
[EventType "swiss"]
[EventCountry "RUS"]
[SourceTitle "playchess.com"]
[Source "ChessBase"]
[SourceQuality "1"]
[TimeControl "900+10"]

1. d4 {[%emt 0:00:00]} e6 {[%emt 0:00:00]} 2. c4 {[%emt 0:00:00]} b6 {[%emt 0:00:00]} 3. e4 {[%emt 0:00:02]} Bb7 {[%emt 0:00:00]} 4. Bd3 {[%emt 0:00:07]} Nc6 {[%emt 0:00:00]} 5. Nf3 {[%emt 0:02:31]} Nb4 {[%emt 0:00:00]} 6. Nc3 {[%emt 0:00:24]} Nxd3+ {[%emt 0:00:04]} 7. Qxd3 {[%emt 0:00:02]} Ne7 {[%emt 0:00:07]} 8. Bg5 {[%emt 0:00:57]} f6 {[%emt 0:01:22]} 9. Be3 {[%emt 0:02:29]} d6 {[%emt 0:04:24]} 10. O-O {[%emt 0:01:49]} Qd7 {[%emt 0:00:18]} 11. b4 {[%emt 0:01:00]} g5 {[%emt 0:01:03]} 12. d5 {[%emt 0:02:22]} e5 {[%emt 0:01:02]} 13. c5 {[%emt 0:00:27]} c6 {[%emt 0:01:28]} 14. dxc6 {[%emt 0:02:21]} Bxc6 {[%emt 0:00:18]} 15. cxd6 {[%emt 0:02:01]} Rd8 {[%emt 0:01:27]} 16. Rfd1 {[%emt 0:00:10]} Nc8 {[%emt 0:00:27]} 17. b5 {[%emt 0:00:37]} Bb7 {[%emt 0:00:11]} 18. Rac1 {[%emt 0:00:26]} Bxd6 {[%emt 0:00:59]} 19. Qc4 {[%emt 0:00:11]} Qf7 {[%emt 0:00:05]} 20. Nd5 {[%emt 0:00:06]} Bxd5 {[%emt 0:01:44]} 21. Rxd5 {[%emt 0:00:11]} Ne7 {[%emt 0:00:02]} 22. Rdd1 {[%emt 0:00:16]} Qxc4 {[%emt 0:00:22]} 23. Rxc4 {[%emt 0:00:01]} Kf7 {[%emt 0:00:00]} 24. Kf1 {[%emt 0:00:12]} Ke6 {[%emt 0:00:14]} 25. Ke2 {[%emt 0:00:09]} Rc8 {[%emt 0:01:03]} 26. Rdc1 {[%emt 0:00:09]} Rxc4 {[%emt 0:00:29]} 27. Rxc4 {[%emt 0:00:01]} Rd8 {[%emt 0:00:06]} 28. Nd2 {[%emt 0:00:17]} h6 {[%emt 0:00:47]} 29. a4 {[%emt 0:00:08]} f5 {[%emt 0:00:53]} 30. f3 {[%emt 0:00:18]} f4 {[%emt 0:00:17]} 31. Bf2 {[%emt 0:00:02]} Ng6 {[%emt 0:00:24]} 32. a5 {[%emt 0:00:10]} bxa5 {[%emt 0:00:17]} 33. Bxa7 {[%emt 0:00:15]} Bb4 {[%emt 0:00:12]} 34. Nb3 {[%emt 0:00:17]} Ne7 {[%emt 0:00:01]} 35. b6 {[%emt 0:00:05]} Nc8 {[%emt 0:00:08]} 36. Rc6+ {[%emt 0:00:16]} Bd6 {[%emt 0:00:31]} 37. Nc5+ {[%emt 0:00:06]} Ke7 {[%emt 0:00:01]} 38. Nb7 {[%emt 0:00:12]} Rd7 {[%emt 0:00:10]} 39. Nxd6 {[%emt 0:00:05]} Nxd6 {[%emt 0:00:02]} 40. Bb8 {[%emt 0:00:13]} a4 {[%emt 0:00:07]} 41. Bxd6+ {[%emt 0:00:10]} Rxd6 {[%emt 0:00:02]} 42. b7 {[%emt 0:00:05]} 1-0

[Event "RUS-chT Rapid Men 2018"]
[Site "Sochi"]
[Date "2018.10.09"]
[Round "7"]
[White "Dudin, Gleb"]
[Black "Rozum, Ivan"]
[Result "0-1"]
[WhiteElo "2178"]
[BlackElo "2573"]
[Annotator "TA"]
[PlyCount "150"]
[EventDate "2018.10.05"]
[EventType "swiss"]
[EventCountry "RUS"]
[SourceTitle "playchess.com"]
[Source "ChessBase"]
[SourceQuality "1"]

{[%evp 11,150,20,13,-11,-2,-8,-10,-21,16,0,8,0,30,37,16,-14,0,0,0,-9,0,-14,0,-32,-30,-32,-23,-21,-23,-27,0,-14,-3,-14,0,-18,-4,-12,0,0,0,0,0,0,0,-10,0,0,0,0,0,-31,-31,-31,-31,-31,0,-18,-18,-32,0,-35,0,0,0,0,0,0,0,-3,-14,-18,-14,-21,-17,-17,0,-14,0,0,0,0,0,-4,0,0,0,-5,0,0,0,0,8,0,0,0,0,0,0,0,0,0,0,-4,-4,-29,-29,-29,-10,-10,-10,-10,-13,-13,-4,-4,-4,-4,-4,-4,-4,-4,0,0,0,0,0,0,0,-39,-42,-68,-68,-12841,-12842,-12842,-12839,-12845,-12846,-12846,-12847]} 1. d4 Nf6 2. c4 e6 3. Nc3 Bb4 4. e3 O-O 5. Nge2 c6 (5... Re8 6. a3 Bf8 7. d5 d6 8. g3 exd5 9. cxd5 c5 10. Bg2 Nbd7 11. O-O c4 12. Nd4 Nc5 13. Qe2 Nd3 14. b3 Nxc1 15. Rfxc1 cxb3 {½-½ (74) Caruana,F (2822)-So,W (2780) Saint Louis 2018}) 6. a3 {E46: Nimzo-Indian: Rubinstein: 4 e3 0-0 5 Ne2 without early Bd3} Ba5 {LiveBook: 281 Games} 7. Nf4 Bxc3+ $146 ({Predecessor:} 7... d5 8. Bd3 Nbd7 9. cxd5 exd5 10. O-O Bc7 11. f3 Nb6 12. b3 Bd6 13. Ra2 {1-0 (41) Neverov,V (2484)-Molchanov,A (2303) Omelnyk 2017}) 8. bxc3 {The position is equal.} d6 9. Nd3 Nbd7 10. Be2 c5 11. O-O Qa5 12. Qc2 Nb6 13. dxc5 dxc5 14. Nb2 e5 15. e4 Be6 16. f3 Rfc8 17. Be3 Ne8 18. Rfd1 Rc6 19. Bf1 Nd6 {[%cal Rb6c4]} 20. Qb3 Qa6 {[%cal Rb6c4]} 21. Rd5 Nd7 $1 ({Avoid the trap} 21... Nxd5 $2 22. cxd5 Qb6 23. Qc2 $18) 22. Rd2 Qb6 23. Qa2 Qc7 24. Bf2 Nb6 25. a4 a5 26. Rd5 f6 27. Qa3 Rc8 28. Rad1 Nf7 29. R5d2 h6 30. Qb3 Rd6 31. Rxd6 Nxd6 32. Rd2 Qc6 33. Be2 Rc7 34. Bf1 Rd7 35. Qd1 Ndc8 (35... Nbc8 {is more complex.} 36. Qb3 Nf7 37. Bd3 Ncd6 38. Qd1 b6) 36. Rxd7 Bxd7 (36... Nxd7 {seems wilder.} 37. Qb3 b6 38. Bd3 Nf8 39. Be1 Qd7) 37. Qb3 Nd6 38. Qa3 Ndc8 39. Qb3 Qc7 40. Qa3 Be8 41. Bxc5 Nxa4 42. Nxa4 Bxa4 43. Be3 Be8 44. c5 Bf7 45. Qa4 Ne7 46. h3 g5 47. Qb5 Nc6 48. Kf2 Kf8 49. Bd3 Ke7 50. Bc2 Be6 51. h4 Kf7 52. hxg5 hxg5 53. Ba4 Ke7 54. Qb1 (54. Ke2 {is interesting.} Kf7 55. Kd2 Kg6 56. Ke2 Qf7 57. Kf2) 54... Kf7 55. Qb6 (55. Bb5 {with more complications.} Na7 56. Be2 Nc6 57. g4 Kg7 58. Bb5) 55... Qxb6 56. cxb6 $11 {[%mdl 4096] Endgame KBB-KBN} Nb8 57. Ke2 Bc4+ 58. Kd2 Ke6 59. g3 Kd6 60. f4 gxf4 61. gxf4 Nd7 62. fxe5+ fxe5 63. Bxd7 $1 Kxd7 {KB-KB} 64. Kc2 Bf7 65. Kb2 Kc6 66. Ka3 Bg6 67. Ka4 Bxe4 68. Kxa5 Kd5 69. Kb4 Bg2 70. c4+ Ke4 71. Bg1 Kd3 $1 {[#] White must now prevent ...e4.} 72. Kc5 $2 {[%mdl 8192]} (72. Bh2 $15) 72... e4 $19 {[%cal Be5e4,Be4e3,Be3e2][%mdl 32] Black is clearly winning.} 73. Kd6 e3 74. c5 e2 75. Bf2 Kd2 {Precision: White = 56%, Black = 57%.} 0-1

[Event "RUS-chT Rapid Men 2018"]
[Site "Sochi"]
[Date "2018.10.09"]
[Round "7"]
[White "Klimentov, Evgeny"]
[Black "Shariyazdanov, Andrey"]
[Result "0-1"]
[WhiteElo "2135"]
[BlackElo "2526"]
[Annotator "TA"]
[PlyCount "88"]
[EventDate "2018.10.05"]
[EventType "swiss"]
[EventCountry "RUS"]
[SourceTitle "playchess.com"]
[Source "ChessBase"]
[SourceQuality "1"]

{[%evp 13,88,26,36,7,17,12,11,-10,10,8,8,8,0,0,14,12,8,8,7,-52,-43,-66,-48,-144,-154,-164,-161,-151,-152,-164,-160,-164,-159,-290,-270,-257,-229,-320,-320,-354,-329,-400,-408,-418,-331,-335,-324,-462,-322,-313,-294,-450,-444,-687,-639,-991,-991,-941,-956,-29985,-6094,-3414,-3147,-29977,-29977,-6118,-2095,-2095,-1331,-6118,-6118,-5795,-5800,-5393,-4631,-4627,-1589]} 1. e4 g6 2. d4 Bg7 3. Nc3 d6 4. Nf3 Nf6 5. Be2 O-O 6. O-O a6 7. a4 b6 8. Be3 {B08: Pirc Defence: Classical System} (8. h3 Bb7 9. d5 c6 10. Be3 cxd5 11. exd5 Nbd7 12. Qd2 Rc8 13. Rfd1 Nc5 14. Qe1 Nce4 15. Nxe4 Nxe4 16. c3 a5 {0-1 (49) Caruana,F (2802)-Nakamura,H (2786) chess.com INT 2017}) 8... Bb7 9. Nd2 e6 10. f3 $146 {The position is equal.} ({Predecessor:} 10. Qe1 c5 11. dxc5 bxc5 12. e5 Nd5 13. Nxd5 exd5 14. exd6 Qxd6 {1-0 (64) Lewtak,D (2224)-Shomoev,A (2561) Legnica 2013}) 10... d5 11. e5 Nfd7 12. f4 c5 13. Nb3 {[%cal Rd4c5]} cxd4 14. Nxd4 Nc6 15. Nxc6 Bxc6 16. a5 (16. Bf3 $11) 16... bxa5 $15 17. Na4 Bb5 18. Nc5 (18. Bd4 $15) 18... Qb6 $17 19. Bxb5 axb5 20. Nxd7 Qxe3+ 21. Kh1 Rfd8 22. Rf3 Qe4 23. Nf6+ (23. Nc5 $17 {was the only chance.} Qb4 24. Nd3) 23... Bxf6 $1 $19 24. exf6 a4 25. f5 exf5 26. Qd2 {White wants to mate with Qh6.} Qe6 27. Raf1 Qxf6 28. g4 Kh8 29. gxf5 {[#]} g5 $1 {[%cal Bg6g5,Bg5h4][%mdl 32]} (29... Qxb2 $2 30. fxg6 fxg6 31. Rf7 $17) 30. Rg3 (30. Qb4 $142) 30... h6 31. h4 {[%cal Rh4g5]} Rg8 (31... Qxb2 32. hxg5 Kg8 33. Rfg1 $14) 32. Qxd5 (32. Rfg1 $142) 32... gxh4 33. Rh3 (33. Rxg8+ $142 Rxg8 34. Qxb5) 33... b4 {[%cal Bb5b4,Bb4a3][%mdl 32]} 34. c3 a3 35. bxa3 bxa3 36. Qa2 Rg3 (36... Qc6+ $142 37. Kh2 Rab8 38. Rhf3 Rb2+ 39. Qxb2 axb2 40. R3f2 Qd6+ 41. Rf4 {[#]} b1=Q $1 {[%mdl 512]} 42. Kh1 Qxf4 43. Rxb1 Qg3 44. f6 Qh3#) 37. Rxg3 hxg3 {[%mdl 4096] Endgame KQR-KQR} 38. Qg2 Qh4+ 39. Kg1 Qh2+ (39... Rb8 $142 40. Ra1 Rb2 41. Qa8+ Kh7) 40. Qxh2 gxh2+ 41. Kxh2 a2 42. Ra1 Kg7 43. Kg3 Kf6 44. Kf4 Ra4+ {Precision: White = 29%, Black = 73%.} 0-1

[Event "RUS-chT Rapid Men 2018"]
[Site "Sochi"]
[Date "2018.10.09"]
[Round "7"]
[White "Basiev, Valeriy P."]
[Black "Tekeyev, Zaur"]
[Result "0-1"]
[WhiteElo "1990"]
[BlackElo "2392"]
[Annotator "TA"]
[PlyCount "104"]
[EventDate "2018.10.05"]
[EventType "swiss"]
[EventCountry "RUS"]
[SourceTitle "playchess.com"]
[Source "ChessBase"]
[SourceQuality "1"]

{[%evp 22,104,35,29,38,34,29,0,0,-15,-7,-22,-15,-36,-43,-58,-54,-62,0,0,0,3,10,0,64,44,126,129,137,131,128,112,105,133,181,48,48,55,60,50,61,17,63,-68,-62,-54,-63,-139,-118,-128,-124,-242,-161,-155,-172,-220,-206,-365,-363,-501,-502,-699,-696,-809,-522,-519,-519,-512,-502,-578,-566,-616,-635,-748,-961,-929,-929,-1429,-1414,-1658,-1612,-29991,-29992,-29992,-29993]} 1. a3 e5 2. c4 Nf6 3. g3 g6 4. Bg2 Bg7 5. Nc3 O-O 6. Nf3 Re8 7. d3 Nc6 8. O-O d6 9. Rb1 a5 10. b4 axb4 11. axb4 e4 12. dxe4 Nxe4 {A26: English Opening vs King's Indian with ...Nc6 and d3} 13. Nxe4 Rxe4 14. Nd2 Re8 {The position is equal.} 15. Bb2 Bxb2 16. Rxb2 Qf6 17. Rb1 Bf5 18. e4 Be6 {[#]} 19. b5 $146 ({Predecessor:} 19. Qc2 Ra3 {0-1 (30) Svidler,P (2759)-Mamedyarov,S (2746) Almaty 2016}) 19... Na5 (19... Ne5 $15 20. Qc2 g5) 20. Qc2 $11 Qd4 {[%cal Ra5c4]} 21. Rbc1 Ra7 22. Kh1 f5 (22... b6 $11) 23. Rfe1 {[#] Threatens to win with exf5.} Raa8 (23... Bf7 $1 $14) 24. Nf3 $36 {[%mdl 2048] White has strong initiative.} Qf6 25. e5 dxe5 26. Nxe5 f4 27. gxf4 Rad8 28. Qe4 (28. Re3 $18) 28... Nb3 $14 29. Rcd1 Nc5 30. Qe3 b6 31. Qg3 Kg7 32. Nc6 ({White should play} 32. h3 $14) 32... Rxd1 $15 33. Rxd1 Bxc4 34. h4 ({Better is} 34. f5 $15) 34... Bxb5 $17 35. Ne5 Ne6 36. Rc1 (36. f5 $17 Qxf5 37. Rd5) 36... c5 ({Weaker is} 36... Nxf4 37. Rxc7+ Kh8 38. Nf7+ Kg8 39. Nh6+ Kh8 40. Nf7+ Kg8 41. Nh6+ Kh8 42. Nf7+ $11) 37. Rb1 Nd4 ({Stronger than} 37... Nxf4 38. Ng4 $11) 38. h5 Qf5 {[#]} 39. Ra1 $2 (39. h6+ $1 {[%mdl 512]} Kf8 (39... Kxh6 40. Qh4+) 40. Rb2) 39... Qxh5+ $19 40. Bh3 Re7 41. Kg2 {intending Bg4.} Ne2 42. Qe3 Nxf4+ 43. Qxf4 {And now Ra8 would win.} Qxe5 44. Qxe5+ Rxe5 {[%mdl 4096] Endgame KRB-KRB} 45. Rb1 Bc6+ 46. Kg3 b5 {[%cal Bb6b5,Bb5b4,Bb4b3,Bb3b2][%mdl 32]} 47. f4 Re3+ 48. Kh2 b4 49. Rc1 Rc3 50. Rd1 b3 51. Rd6 b2 52. Rd1 Rc1 {Precision: White = 29%, Black = 63%.} 0-1

[Event "RUS-chT Rapid Men 2018"]
[Site "Sochi"]
[Date "2018.10.09"]
[Round "7"]
[White "Girshgorn, Leonid"]
[Black "Gogolev, Artem"]
[Result "1-0"]
[WhiteElo "1925"]
[BlackElo "2389"]
[Annotator "NA"]
[PlyCount "91"]
[EventDate "2018.10.05"]
[EventType "swiss"]
[EventCountry "RUS"]
[SourceTitle "playchess.com"]
[Source "ChessBase"]
[SourceQuality "1"]
[TimeControl "900+10"]

1. d4 {[%emt 0:00:00]} Nf6 {[%emt 0:00:00]} 2. Bf4 {[%emt 0:00:00]} g6 {[%emt 0:00:00]} 3. Nc3 {[%emt 0:00:00]} d5 {[%emt 0:00:00]} 4. e3 {[%emt 0:00:00]} Bg7 {[%emt 0:00:00]} 5. h4 {[%emt 0:00:02]} a6 {[%emt 0:00:13]} 6. Nf3 {[%emt 0:00:07]} Nbd7 {[%emt 0:00:20]} 7. Ne5 {[%emt 0:00:44]} c5 {[%emt 0:01:09]} 8. Be2 {[%emt 0:00:59]} h5 {[%emt 0:00:33]} 9. Nxd7 {[%emt 0:01:18]} Bxd7 {[%emt 0:00:08]} 10. dxc5 {[%emt 0:00:32]} Qa5 {[%emt 0:00:11]} 11. Qd4 {[%emt 0:01:14]} O-O {[%emt 0:04:48]} 12. Be5 {[%emt 0:00:54]} Rac8 {[%emt 0:00:38]} 13. b4 {[%emt 0:00:29]} Qa3 {[%emt 0:00:41]} 14. O-O {[%emt 0:01:13]} a5 {[%emt 0:03:59]} 15. Nxd5 {[%emt 0:01:07]} Rfe8 {[%emt 0:01:00]} 16. Bxf6 {[%emt 0:01:14]} exf6 {[%emt 0:00:07]} 17. Nb6 {[%emt 0:00:15]} Be6 {[%emt 0:00:17]} 18. Nxc8 {[%emt 0:00:04]} Rxc8 {[%emt 0:00:27]} 19. e4 {[%emt 0:03:25]} f5 {[%emt 0:00:20]} 20. e5 {[%emt 0:00:01]} Qxb4 {[%emt 0:00:02]} 21. Qxb4 {[%emt 0:00:29]} axb4 {[%emt 0:00:01]} 22. f4 {[%emt 0:00:01]} Bf8 {[%emt 0:00:02]} 23. Bf3 {[%emt 0:00:41]} Rxc5 {[%emt 0:00:19]} 24. a3 {[%emt 0:00:23]} bxa3 {[%emt 0:01:01]} 25. Rxa3 {[%emt 0:00:04]} Rxc2 {[%emt 0:00:13]} 26. Ra8 {[%emt 0:00:08]} b5 {[%emt 0:00:38]} 27. Rd1 {[%emt 0:00:30]} Rc8 {[%emt 0:01:11]} 28. Rxc8 {[%emt 0:00:14]} Bxc8 {[%emt 0:00:02]} 29. Rd8 {[%emt 0:00:06]} Be6 {[%emt 0:00:02]} 30. Bd5 {[%emt 0:00:49]} Bxd5 {[%emt 0:00:01]} 31. Rxd5 {[%emt 0:00:01]} b4 {[%emt 0:00:03]} 32. Rb5 {[%emt 0:00:20]} Be7 {[%emt 0:00:03]} 33. g3 {[%emt 0:00:00]} Kg7 {[%emt 0:00:04]} 34. Kg2 {[%emt 0:00:08]} Kf8 {[%emt 0:00:01]} 35. Rb8+ {[%emt 0:00:01]} Kg7 {[%emt 0:00:01]} 36. Kf3 {[%emt 0:00:01]} Bc5 {[%emt 0:00:03]} 37. Rb5 {[%emt 0:00:05]} Be7 {[%emt 0:00:04]} 38. Ke3 {[%emt 0:00:03]} Kf8 {[%emt 0:00:09]} 39. Rb8+ {[%emt 0:00:05]} Kg7 {[%emt 0:00:01]} 40. Kd4 {[%emt 0:00:01]} Bf8 {[%emt 0:00:08]} 41. Kd5 {[%emt 0:00:15]} Be7 {[%emt 0:00:03]} 42. Rb7 {[%emt 0:00:14]} Kf8 {[%emt 0:00:06]} 43. Kc6 {[%emt 0:00:24]} f6 {[%emt 0:00:51]} 44. e6 {[%emt 0:00:07]} g5 {[%emt 0:00:02]} 45. Kd7 {[%emt 0:00:16]} Bc5 {[%emt 0:00:06]} 46. Rb5 {[%emt 0:00:03]} 1-0

[Event "RUS-chT Rapid Men 2018"]
[Site "Sochi"]
[Date "2018.10.09"]
[Round "8"]
[White "Dubov, Daniil"]
[Black "Rakhmanov, Aleksandr"]
[Result "1/2-1/2"]
[WhiteElo "2703"]
[BlackElo "2634"]
[Annotator "TA"]
[PlyCount "102"]
[EventDate "2018.10.05"]
[EventType "swiss"]
[EventCountry "RUS"]
[SourceTitle "playchess.com"]
[Source "ChessBase"]
[SourceQuality "1"]

{[%evp 11,102,21,21,8,13,12,8,-11,4,-26,5,-10,66,75,63,0,5,0,0,0,0,0,0,0,14,-7,-13,-14,-12,-12,19,-6,0,0,0,-6,0,-8,-20,-9,-5,-5,-12,-12,-13,-13,-14,-61,-58,-89,-89,-92,-100,-94,-97,-94,-97,-88,-89,-83,-82,-118,-112,-125,-118,-128,-125,-85,-51,-51,-50,-49,-25,-194,-187,-166,-187,-220,-193,-194,-160,-112,0,0,0,0,0,0,0,0,0,0,0]} 1. d4 d5 2. c4 e6 3. Nf3 a6 4. g3 (4. Bg5 Be7 5. Bxe7 Qxe7 6. e3 Nf6 7. Nc3 O-O 8. c5 Nc6 9. Be2 Rd8 10. O-O e5 11. Nxe5 Nxe5 12. dxe5 Qxe5 {½-½ (22) Ni,H (2670)-Vallejo Pons,F (2709) China 2018}) 4... dxc4 5. Bg2 Nc6 6. O-O {D30: Queen's Gambit Declined: Systems without Nc3} Rb8 {LiveBook: 14 Games} 7. Qc2 $146 ({Predecessor:} 7. e4 Nf6 8. Nc3 Be7 9. Qe2 Nxd4 10. Nxd4 Qxd4 11. Rd1 Qc5 12. Be3 Qa5 13. Bd2 Qc5 14. Be3 Qa5 15. Bd2 Qc5 16. e5 Nd7 17. Ne4 {0-1 (47) Halkias,S (2583)-Ibarra Jerez,J (2561) Heraklio 2017}) 7... b5 $1 8. b3 Nb4 9. Qd1 cxb3 $1 10. axb3 Nf6 11. Ne5 Bd6 (11... Bb7 $11) 12. Bd2 $1 $14 {[%cal Rd2b4] Bxb4 is the strong threat.} Rb6 13. Bxb4 (13. Na3 $14) 13... Bxb4 $11 14. Nc6 Qd6 15. Qc2 O-O 16. Nxb4 Qxb4 17. e3 Qd6 18. Nd2 Bb7 19. Bxb7 Rxb7 20. Rfc1 Ra8 21. Nf3 a5 22. Ne5 Nd5 23. Nc6 Nb4 24. Qe4 Nxc6 25. Rxc6 Qd5 $36 {[%mdl 2048] Black has the initiative.} 26. Qxd5 exd5 {[%mdl 4096] Endgame KRR-KRR} 27. Rc5 Kf8 28. Rxd5 a4 29. bxa4 bxa4 30. Ra3 c6 31. Rc5 Rb3 $1 {[%cal Rb3a3]} 32. Ra2 a3 {Threatens to win with ...Rb2.} 33. Rcc2 Ke7 34. Kf1 Kd6 35. Ke2 Ra5 36. Kd2 c5 37. Rc3 Rxc3 $1 38. Kxc3 cxd4+ 39. Kxd4 $17 {KR-KR} g5 40. g4 $1 Ra4+ 41. Kc3 Kc5 42. f3 $2 (42. Kb3 $11 Rxg4 43. Rxa3) 42... h6 43. Kb3 {[#]} Kb5 $1 44. Kc3 ({Don't blunder} 44. Rxa3 $2 Rxa3+ 45. Kxa3 Kc4 $19) 44... Ra7 45. Kb3 Ra6 46. h3 ({Wrong is} 46. Rxa3 $2 Rxa3+ 47. Kxa3 Kc4 $19) 46... f6 (46... Re6 $17 47. Re2 {[#]} a2 $1 {[%mdl 512]} 48. Kxa2 Kc4 49. Rc2+ Kd3) 47. Rxa3 {The position is equal.} Rxa3+ 48. Kxa3 {aiming for Kb3.} Kc4 {And now ...Kd3 would win.} 49. e4 {Hoping for Ka4.} Kc3 $1 50. Ka4 Kc4 51. Ka3 Kc3 $1 {Precision: White = 45%, Black = 85%.} 1/2-1/2

[Event "RUS-chT Rapid Men 2018"]
[Site "Sochi"]
[Date "2018.10.09"]
[Round "8"]
[White "Kamsky, Gata"]
[Black "Kryakvin, Dmitry"]
[Result "1-0"]
[WhiteElo "2666"]
[BlackElo "2595"]
[Annotator "TA"]
[PlyCount "69"]
[EventDate "2018.10.05"]
[EventType "swiss"]
[EventCountry "RUS"]
[SourceTitle "playchess.com"]
[Source "ChessBase"]
[SourceQuality "1"]

{[%evp 24,69,18,12,47,30,35,31,46,29,32,37,38,34,58,57,50,64,69,61,98,87,102,103,82,70,112,25,127,98,156,149,197,172,195,183,185,174,174,171,163,150,1167,1164,1026,136,1017,1012]} 1. d4 d5 2. Nf3 Nf6 3. Bf4 c5 4. e3 e6 5. c3 Nc6 6. Nbd2 Bd6 7. Bg3 O-O 8. Bd3 b6 9. Qe2 {D02: Damenbauernspiele} (9. e4 Be7 10. e5 Nh5 11. Nf1 cxd4 12. Nxd4 Nxd4 13. cxd4 g6 14. Ne3 f5 15. exf6 Bxf6 16. Be2 Nxg3 17. hxg3 {½-½ (37) Nakamura,H (2787)-Svidler,P (2760) Moscow 2018}) 9... Bb7 10. Rd1 Qe7 11. e4 dxe4 12. Nxe4 Nxe4 13. Bxe4 {LiveBook: 6 Partien} Rad8 14. dxc5 Bxc5 15. O-O g6 $146 ({Vorgänger:} 15... Rxd1 16. Rxd1 Rd8 {1-0 (47) Prohaszka,P (2591)-Suran,J (2421) Germany 2016}) 16. b4 {Und weiter mit Lh4 wäre nett.} Bd6 17. Bh4 f6 18. Rfe1 g5 19. Bg3 $36 {[%mdl 2048] Weiss kämpft um Vorteil.} Bxg3 20. hxg3 Rxd1 21. Qxd1 e5 22. Nh2 Nd8 23. Bxb7 Nxb7 24. Ng4 Nd6 25. c4 ({Lieber} 25. Qd5+ $16 Kh8 26. Rd1) 25... Kh8 (25... Qe6 $11 {hält das Gleichgewicht.}) 26. Ne3 $1 $16 Rd8 (26... Qe6 $142) 27. Qc2 Rc8 {[#]} 28. Rd1 $1 Qe6 {[%cal Rd6c4]} 29. c5 bxc5 30. bxc5 Nb7 31. Rd5 Qc6 {[%cal Rb7c5]} 32. Qf5 {Weiss will mit Td7 Matt setzen.} Nxc5 $2 {[#]} (32... Rd8 $16) 33. Rxc5 $1 $18 {[%mdl 512]} Qxc5 34. Qxf6+ Kg8 {[#]} 35. Nf5 $1 {Precision: Weiß = 83%, Schwarz = 37%.} 1-0

[Event "RUS-chT Rapid Men 2018"]
[Site "Sochi"]
[Date "2018.10.09"]
[Round "8"]
[White "Ponkratov, Pavel"]
[Black "Malakhov, Vladimir"]
[Result "1/2-1/2"]
[WhiteElo "2628"]
[BlackElo "2661"]
[Annotator "TA"]
[PlyCount "75"]
[EventDate "2018.10.05"]
[EventType "swiss"]
[EventCountry "RUS"]
[SourceTitle "playchess.com"]
[Source "ChessBase"]
[SourceQuality "1"]

{[%evp 23,75,21,23,22,64,42,36,31,33,28,44,14,7,0,19,14,26,4,27,28,32,32,34,29,68,14,10,0,0,0,0,0,21,21,22,22,22,21,20,18,18,18,18,18,18,-19,0,-21,0,-16,0,-22,0,-21]} 1. d4 d5 2. c4 c6 3. Nf3 Nf6 4. Nc3 dxc4 5. a4 Bf5 6. Ne5 e6 7. f3 c5 8. e4 {D17: Slav Defence: 5 a4 Bf5: Lines with 6 Nh4 and 6 Ne5} Bg6 9. Be3 cxd4 10. Qxd4 Qxd4 11. Bxd4 Nfd7 12. Nxd7 Nxd7 {LiveBook: 97 Games} 13. Bxc4 a6 14. Ke2 Rg8 15. h4 {[#] aiming for h5.} (15. Rhd1 Rc8 {½-½ (40) Ponkratov,P (2622)-Malakhov,V (2666) Biograd 2018}) 15... Rc8 {[#]} 16. Bb3 $146 {Hoping for h5.} Bc5 17. Be3 {h5 is the strong threat.} h5 18. a5 Bxe3 19. Kxe3 Ke7 20. Rhd1 Rgd8 21. Na4 f6 22. Rac1 Be8 23. f4 Nf8 24. Rxd8 ({Better is} 24. Nb6 $14 Rc6 25. Rg1) 24... Rxc1 $11 {The position is equal.} 25. Rb8 Bc6 26. Nb6 Re1+ 27. Kd2 Rxe4 28. Nc8+ Kd7 {[#] And now ...Kc7 would win.} 29. Na7 Ke7 $1 30. Nxc6+ bxc6 {[%mdl 4096] Endgame KRB-KRN} 31. Rb6 Kd6 $1 32. Rxa6 Nd7 33. Ra8 Nc5 34. Bd1 Rd4+ 35. Kc2 Rc4+ 36. Kd2 Rd4+ 37. Kc2 Rc4+ 38. Kd2 {Precision: White = 65%, Black = 49%.} 1/2-1/2

[Event "RUS-chT Rapid Men 2018"]
[Site "Sochi"]
[Date "2018.10.09"]
[Round "8"]
[White "Grachev, Boris"]
[Black "Lysyj, Igor"]
[Result "1/2-1/2"]
[WhiteElo "2626"]
[BlackElo "2631"]
[Annotator "TA"]
[PlyCount "24"]
[EventDate "2018.10.05"]
[EventType "swiss"]
[EventCountry "RUS"]
[SourceTitle "playchess.com"]
[Source "ChessBase"]
[SourceQuality "1"]

{[%evp 13,24,26,25,18,24,22,39,36,24,0,7,-9,-11]} 1. Nf3 d5 2. e3 Nf6 3. c4 dxc4 4. Bxc4 e6 5. b3 c5 6. Bb2 Nc6 7. O-O Be7 8. d4 {A09: Réti Opening: 1 Nf3 d5 2 c4} cxd4 9. Nxd4 Nxd4 10. Bxd4 O-O 11. Be2 b6 $146 ({Predecessor:} 11... Bd6 12. Nd2 Qe7 13. Nc4 Bc7 14. Rc1 e5 15. Bb2 Rd8 {½-½ (50) Bischoff,K (2525)-Huebner,R (2605) Garmisch Partenkirchen 1994}) 12. Nc3 Bb7 1/2-1/2